000 01713nab a22002897a 4500
999 _c6428
_d6428
003 OSt
005 20260202204649.0
008 190506c xxu||||| |||| 00| 0 spa d
040 _cPJ
100 _91439
_aGrisolia, Julio Armando
245 1 3 _aEl juez del ser y del deber ser. Una mirada sobre el perfil de los jueces del futuro /
_cJulio A. Grisolia.
260 _aBuenos Aires :
_bAbeledoPerrot,
_c2023.
300 _ap. 3-8
500 _aCita: TR LALEY AR/DOC/673/2023
505 _aSumario: I. Palabras preliminares.— II. Algunas premisas sentadas en trabajos anteriores.— III. La mirada de la sociedad sobre la justicia y los jueces. El formalismo y el tiempo.— IV. Una nueva realidad: la necesidad de un cambio de paradigma.— V. Los jueces y el conocimiento del derecho.— VI. Otros conocimientos necesarios para la función judicial. Habilidades y actitudes.— VII. Lo que se debería tener en cuenta en un proceso de selección de jueces.— VIII. Otras cualidades de los jueces. Liderazgo y gestión.— IX. El juez moderno que la sociedad reclama.— X. Reflexiones finales.— XI. Bibliografía complementaria.
505 _t¿Te interesa el texto completo? Comunicate al correo: koha@justierradelfuego.gov.ar
650 0 _91316
_aDERECHO LABORAL
650 0 _91146
_aJUECES
650 0 _91194
_aCONSEJO DE LA MAGISTRATURA
650 0 _9289
_aTECNOLOGIA DE LA INFORMACION
650 0 _96081
_aCIENCIA Y TECNOLOGÍA
650 0 _95817
_aINTELIGENCIA ARTIFICIAL
650 0 _9273
_aDERECHO INFORMATICO
650 0 _92062
_aABOGADOS
773 0 _02751
_93202
_dBuenos Aires : AbeledoPerrot, 2013-
_tRevista de derecho laboral y seguridad social. Nº 9 - Mayo 2023
942 _2udc
_cANA